000 01964nam0a2200349 i 4500
001 RU\NLR\BIBL_A\010844072
005 20260409072159.0
010 _a9785805708610
_9500
021 _aRU
_b2015-60493
_93587
035 _a(NILC)RuMoRGB-007994555
035 _a(NLR Aleph) 010844072
090 _a10341106
_c10341106
100 _a20150917d2013 um y0rusy50 ca
101 0 _arus
102 _aRU
105 _aach|z||||01yd
200 1 _aРомановы на изломе российской истории
_eкаталог российского выставочного проекта, 12 июля - 6 октября 2013 года
_f[вступ. слово: Евгений Куйвашев и др.
_gавт. ст.: С. А. Корепанова и др.]
210 _aЕкатеринбург
_cСвердловский областнорй краеведческий музей
_d2013
215 _a239 с.
_cил., цв. ил., портр., факс.
_d28
300 _aВ надзаг.: Губернатор Свердл. обл., М-во культуры Свердл. обл., Свердл. обл. краевед. музей
320 _aБиблиогр. в подстроч. примеч.
602 _aРомановы
_cдинастия
_f1613 - 1917
_91521176
_3RU\NLR\AUTH\66963051
686 1 _aТ214(2)0-1
711 1 2 _a"Романовы. На изломе российской истории", выставка
_eЕкатеринбург
_f2013
_9484094
_3RU\NLR\AUTH\880409064
712 0 2 _aСвердловский областной краеведческий музей
_cЕкатеринбург
_9517293
_3RU\NLR\AUTH\8810009771
722 _7ca
_8rus
_aРомановы (династия)
_f1613-1917
_9115406
_3RU\NLR\AUTH\775442
801 0 _aRU
_bРГБ
_c20150811
_gRCR
942 _cBOOK
980 _aNBR